Sustainable development in international law : (Record no. 9469)
[ view plain ]
| 000 -LEADER | |
|---|---|
| fixed length control field | 00779cam a22002174a 4500 |
| 001 - CONTROL NUMBER | |
| control field | 15141179 |
| 005 - DATE AND TIME OF LATEST TRANSACTION | |
| control field | 20260422132653.0 |
| 008 - FIXED-LENGTH DATA ELEMENTS--GENERAL INFORMATION | |
| fixed length control field | 080114s2007 sa b 001 0 eng d |
| 020 ## - INTERNATIONAL STANDARD BOOK NUMBER | |
| International Standard Book Number | 9780958509794 |
| 050 00 - LIBRARY OF CONGRESS CALL NUMBER | |
| Classification number | K3585 |
| Item number | .T59 2007 |
| 082 04 - DEWEY DECIMAL CLASSIFICATION NUMBER | |
| Classification number | 344.46 |
| Edition information | 22 |
| 100 1# - MAIN ENTRY--PERSONAL NAME | |
| Personal name | Tladi, Dire. |
| 245 10 - TITLE STATEMENT | |
| Title | Sustainable development in international law : |
| Remainder of title | an analysis of key enviro-economic instruments / |
| Statement of responsibility, etc. | Dire Tladi. |
| 260 ## - PUBLICATION, DISTRIBUTION, ETC. | |
| Place of publication, distribution, etc. | Pretoria : |
| Name of publisher, distributor, etc. | Pretoria University Law Press, |
| Date of publication, distribution, etc. | 2007. |
| 300 ## - PHYSICAL DESCRIPTION | |
| Extent | xiv, 274 p. ; |
| Dimensions | 25 cm. |
| 650 #0 - SUBJECT ADDED ENTRY--TOPICAL TERM | |
| Topical term or geographic name entry element | Sustainable development |
| General subdivision | Law and legislation. |
| 650 #0 - SUBJECT ADDED ENTRY--TOPICAL TERM | |
| Topical term or geographic name entry element | Environmental law, International. |
| 650 #0 - SUBJECT ADDED ENTRY--TOPICAL TERM | |
| Topical term or geographic name entry element | Law and economic development. |
| 856 41 - ELECTRONIC LOCATION AND ACCESS | |
| Materials specified | Table of contents |
| Uniform Resource Identifier | <a href="http://www.loc.gov/catdir/toc/fy0803/2008552068.html">http://www.loc.gov/catdir/toc/fy0803/2008552068.html</a> |
| 942 ## - ADDED ENTRY ELEMENTS (KOHA) | |
| Source of classification or shelving scheme | Library of Congress Classification |
| Koha item type | Books |
| Suppress in OPAC | No |
| 999 ## - | |
| -- | 9469 |
| -- | 9469 |
| Withdrawn status | Lost status | Source of classification or shelving scheme | Damaged status | Not for loan | Collection | Home library | Current library | Shelving location | Date acquired | Total checkouts | Full call number | Barcode | Date last seen | Copy number | Price effective from | Koha item type |
|---|---|---|---|---|---|---|---|---|---|---|---|---|---|---|---|---|
| Library of Congress Classification | Non-fiction | Business Library (Miotso) | Business Library (Miotso) | General stacks | 04/22/2026 | K3585 .T59 2007 | BSSM00003554 | 04/22/2026 | 1 | 04/22/2026 | Books |